书目信息 |
| 题名: |
前卫建筑师张锡雄
|
|
| 作者: | 建筑世界杂志 编 ;宗净 , 卢涛 译 | |
| 分册: | ||
| 出版信息: | 天津 天津大学出版社 2002.01 |
|
| 页数: | 215页 | |
| 开本: | ||
| 丛书名: | ||
| 单 册: | ||
| 中图分类: | TU-863.162 | |
| 科图分类: | ||
| 主题词: | 建筑风格 , 建筑艺术--作品--评价 , 建筑艺术--流派 | |
| 电子资源: | ||
| ISBN: | 7-5618-1542-5 | |
| 000 | 00773nam0 2200241 45 | |
| 001 | 0234059479 | |
| 005 | 20080825162210.10 | |
| 010 | @a7-5618-1542-5@dRMB 98.00 | |
| 100 | @a20020411d2002 km y0chiy0120 ea | |
| 101 | 0 | @achi |
| 102 | @aCN@b120000 | |
| 200 | 1 | @a前卫建筑师张锡雄@Aqian wei jian zhu shi zhang xi xiong@f(韩)建筑世界杂志编@F(Han)Jian Zhu Shi Jie Za Zhi Bian@g宗净,卢涛译@GZong Jing,Lu Tao Yi |
| 210 | @a天津@c天津大学出版社@d2002.01 | |
| 215 | @a215页 | |
| 606 | 0 | @a建筑风格 |
| 606 | 0 | @a建筑艺术@x作品@x评价 |
| 606 | 0 | @a建筑艺术@x流派 |
| 690 | @aTU-863.162@v3 | |
| 701 | 0 | @a建筑世界杂志@AJian Zhu Shi Jie Za Zhi@4编 |
| 702 | 0 | @a宗净@AZong Jing@4译 |
| 702 | 0 | @a卢涛@ALu Tao@4译 |
| 801 | 0 | @aCN@bPFT@c20080825 |
| 905 | @a10447@dTU-863.162@eJ3261 | |
| 前卫建筑师张锡雄/(韩)建筑世界杂志编/宗净,卢涛译.-天津:天津大学出版社,2002.01 |
| 215页 |
| ISBN 7-5618-1542-5:RMB 98.00 |
| ● |
| 相关链接 |
|
|
|
正题名:前卫建筑师张锡雄
索取号:TU-863.162/J3261
 
预约/预借
| 序号 | 登录号 | 条形码 | 馆藏地/架位号 | 状态 | 备注 |
| 1 | 357295 | 203572954 | 建筑库101/101建筑库 21排1列3层/ [索取号:TU-863.162/J3261] | 在馆 | |
| 2 | 357296 | 203572963 | 建筑库101/101建筑库 21排1列3层/ [索取号:TU-863.162/J3261] | 在馆 | |
| 3 | 714355 | 207143553 | 自科二线404/404自科库 3排4列4层/ [索取号:TU-863.162/J3261] | 在馆 | |
| 4 | 714356 | 207143562 | 自科二线404/404自科库 3排5列1层/ [索取号:TU-863.162/J3261] | 在馆 | |
| 5 | 714357 | 207143571 | 建筑与城市规划学院资料室/101建筑库 111排2列2层/ [索取号:TU-863.162/J3261] | 在馆 |